000 01121cam a2200325 a 4500
001 16903663
003 OSt
005 20160229100158.0
008 110804s2012 enka b 001 0 eng
010 _a 2011025642
020 _a9780470742617 (cloth)
020 _a9780470742600 (pbk.)
020 _a9781119950110 (epdf)
020 _a9781119950127 (Wiley Online Library)
020 _a9781119951063 (epub)
040 _aSEKU
050 0 0 _aTD 196.C45
_bP65
100 _aPlant Jane A.
245 0 0 _aPollutants, human health, and the environment :
_ba risk based approach /
_ceditors Jane A. Plant, Nikolaos Voulvoulis, K. Vala Ragnarsdottir.
260 _aChichester, West Sussex, U.K. ;
_aHoboken, N.J. :
_bWiley-Blackwell,
_c2012.
300 _a335 p. :
_bill. ;
504 _aIncludes bibliographical references and index.
650 0 _aPollution
_xEnvironmental aspects.
650 0 _aPollution
_xHealth aspects.
650 0 _aNature
_xEffect of human beings on.
700 1 _aPlant, Jane A.
700 1 _aRagnarsdottir, Kristin Vala,
_d1954-
700 1 _aVoulvoulis, Nikolaos.
942 _2lcc
_cGEN
999 _c11578
_d11578